00939nam a2200253 a 450000100060000000300080000600500170001400800410003103500200007204000260009204100080011808200220012610000600014824500530020826000530026130000240031449000510033850400510038965000220044083000590046294200120052199900170053395201350055051156BD-RjUL20211209075622.0160830s1963 us 001 0 eng d a(BD-RjUL) 51276 aBD-RjULbengcBD-RjUL aeng 223a514bMAI 19631 aMansfield, Maynard J.q(Maynard Joseph),d1930-915302910aIntroduction to topology /cMaynard J. Mansfield aPrinceton, N.J ;aLondon :bVan Nostrand,cc1963 ax, 116 p. ;c24 cm.1 aUniversity series in undergraduate mathematics aIncludes bibliographical references and index. 0aTopology.9153030 0aUniversity series in undergraduate mathematics9153033 2ddccBK c51156d51156 00102ddc40708NFICaRUCLbRUCLcStackd1964-03-09eZeitlingerg21.00l0o514 MAI 1963r2016-08-30 00:00:00tC-2w2016-08-30yBK